Normal view
MARC view
- تأليف الساكت، خالد
Entry Personal Name
001 - CONTROL NUMBER
- control field: 47446
003 - CONTROL NUMBER IDENTIFIER
- control field: JO-AjAnu
005 - DATE AND TIME OF LATEST TRANSACTION
- control field: 20230606081831.0
008 - FIXED-LENGTH DATA ELEMENTS
- fixed length control field: 230606|| aca||aabn | a|a d
040 ## - CATALOGING SOURCE
- Original cataloging agency: JO-AjAnu
- Transcribing agency: JO-AjAnu
100 ## - HEADING--PERSONAL NAME
- Personal name: تأليف الساكت، خالد
670 ## - SOURCE DATA FOUND
- Source citation: Work cat.: (JO-AjAnu)24281: تأليف الساكت، خالد, author, الأعمال الأدبية الكاملة